000 01316nam a22003257a 4500
005 20170515103911.0
010 _aENG-108284
020 _c750.00
_a9788120347571
035 _aEN-91817
035 _aB-663830
037 _bDBAD/PUB
037 _bBookwell
_adpl
082 _a 005.58
100 _aCox, Joyce
245 _aMicrosoft power point 2013 :
_cby Joyce Cox [and] Joan Lambert
_bstep by step /
246 _a Microsoft Power Point 2013
246 _aStep by step Microsoft PowerPoint 2013
246 _aPowerPoint 2013
246 _a Power Point 2013
260 _aDelhi
_bPHI Learning
_c2013
270 _aRimjhim House , 111, Patparganj Industrial Estate,
_bDelhi
_e110092
300 _axvi,460p. :
_c24cm(pbk)
_bill.
490 _a Step by step
500 _aIncludes index
520 _a A guide to the presentation graphics program covers such topics as using ready-made templates, creating charts and graphs, adding animation and sound, and e-mailing presentations.
650 _a Presentation graphics software.
700 _aLambert, Joan
942 _2ddc
_cEN
_mCOX
_h005.58
999 _c78467
_d78467